00301nam a2200121 a 4500008004100000050001900041100001800060245003100078250001200109260003200121300001700153350000900170120416s1968 xx |||||||||||||| || u aREF TN 145 Pee aPeele, Robert10aMining engineer's handbook a3rd ed. abJohn Wiley and Sonsc1968 a2vols. : ill a0.00